000 00664nam a2200241Ia 4500
003 GCL
008 140319s9999 xx 000 0 ara d
040 _aGCL /
_cGCL
082 0 4 _a813.009
_bن ر
100 1 _aنجيب سرور
245 1 0 _aرحلة فى ثلاثية نجيب محفوظ /
_cنجيب سرور
260 _a[S.N] :
_bدار الفكر الجديد ،
_c1989
300 _a312 ص
490 _a
650 0 4 _aالادب العربى
650 0 4 _aالقصص العربية
650 0 4 _aالنقد
650 0 4 _aمصر
650 0 4 _aتاريخ
650 0 4 _aنجيب محفوظ
650 0 4 _aتاريخ ونقد
942 _2ddc
_cBK
999 _c27550
_d27550